Monk chasing monkey / (Record no. 10102)
[ view plain ]
| 000 -LEADER | |
|---|---|
| fixed length control field | 00541nam a2200205 4500 |
| 001 - CONTROL NUMBER | |
| control field | 2935 |
| 005 - DATE AND TIME OF LATEST TRANSACTION | |
| control field | 20241210122011.0 |
| 008 - FIXED-LENGTH DATA ELEMENTS--GENERAL INFORMATION | |
| fixed length control field | 940811s1994 th ab 000 0 eng |
| 010 ## - LIBRARY OF CONGRESS CONTROL NUMBER | |
| LC control number | 94915602 |
| 020 ## - INTERNATIONAL STANDARD BOOK NUMBER | |
| International Standard Book Number | 9789998048010 |
| 043 ## - GEOGRAPHIC AREA CODE | |
| Geographic area code | a-bt--- |
| 050 ## - LIBRARY OF CONGRESS CALL NUMBER | |
| Classification number | 895.1 CHO |
| 100 0# - MAIN ENTRY--PERSONAL NAME | |
| Personal name | Choden, Kunzang. |
| 245 10 - TITLE STATEMENT | |
| Title | Monk chasing monkey / |
| Statement of responsibility, etc. | Choden, Kunzang. |
| 260 ## - PUBLICATION, DISTRIBUTION, ETC. | |
| Place of publication, distribution, etc. | Thimphu: |
| Name of publisher, distributor, etc. | Riyang Books, |
| Date of publication, distribution, etc. | 2021. |
| 300 ## - PHYSICAL DESCRIPTION | |
| Extent | 206 p. : |
| Other physical details | ill., |
| Dimensions | 24 cm. |
| 650 ## - SUBJECT ADDED ENTRY--TOPICAL TERM | |
| Topical term or geographic name entry element | Monk chasing monkey. |
| Geographic subdivision | Bhutan. |
| Topical term or geographic name entry element | Fiction |
| General subdivision | Bhutan. |
| 942 ## - ADDED ENTRY ELEMENTS (KOHA) | |
| Source of classification or shelving scheme | Dewey Decimal Classification |
| Koha item type | Fiction |
No items available.